Multimedia buďte s nami v obraze a zvuku

Bibliographic Details
Other Authors: Švec, Radovan (Publishing director)
Format: Journal
Language:Slovak
PhysicalDescription:4 zv. 30 cm
Published: Bratislava Almega 2005-2008
Bratislava Certi Q
ISSN:1336-7102
Subjects:

MARC

LEADER 00000cas a2200000 a 4500
001 vtls008299385
003 SK-MaSNL
005 20260228155819.0
008 050927d20052008xo zr0p 0 b0slo
022 |a 1336-7102 
040 |a SNK  |b slo  |c SNK  |d SVKBB  |d SAVUK  |e AACR2 
041 |a slo 
044 |a xo  |c SK 
072 7 |a 004  |x Počítačová veda. Výpočtová technika. Informačné technológie  |2 konspekt 
072 7 |a 62  |x Technika všeobecne  |2 konspekt 
080 |a 004.032.6  |2 2011 
080 |a 050  |2 2011 
080 |a 004  |2 2011 
080 |a 62  |2 2011 
080 |a (051)-048.55  |2 2011 
210 0 |a Multimedia 
222 0 |a Multimedia 
245 0 0 |a Multimedia  |b buďte s nami v obraze a zvuku 
246 1 3 |a M2 
260 |a Bratislava  |b Almega  |c 2005-2008 
260 3 |3 2008  |a Bratislava  |b Certi Q 
300 |a 4 zv.  |c 30 cm 
310 |a Periodicita nie je známa 
362 0 |a Č. Jún (2005)-č. 26 (2008) 
500 |a Podnázov: v č. jún/2005 a okt.-nov./2005, dokonalý prehľad vo svete modernej techniky ; v č. aug.-sept./2005 a dec.-jan./2005/2006, dokonalý prehľad vo svete techniky a životného štýlu 
500 |a Šéfredaktor: 2005-2007, Radovan Švec 
500 |a Registračné č.: 3389/2005 
515 |a S posledným číslom vychádza prvé číslo nasledujúceho roka dec./jan. 
515 |a Roky 2007 a 2008 majú vyznačený rovnaký ročník 
515 |a Niektoré čísla vychádzajú ako dvojčíslo 
525 |a V č. aug.-sept./2005 príloha Rukoväť zimných pneumatík 
550 |a Vydavateľ: Petr Vadkerti 
650 7 |a multimédiá  |2 SNKPH  |9 2022 
650 7 |a výpočtová technika  |2 SNKPH  |9 1126 
650 7 |a technika  |2 SNKPH  |9 671 
655 7 |a špecializované časopisy  |2 SNKPH  |9 70509 
700 1 |a Vadkerti, Petr  |4 pbl  |9 265375 
700 1 |a Švec, Radovan  |4 pbd  |9 265376 
910 |a savuk 
910 |a snk 
999 |c 657  |d 657 
952 |0 0  |1 0  |4 0  |7 0  |8 0  |a SNK  |b SNK  |d 2018-10-10  |i snk2018/20549  |l 0  |o snkČSB 6822/2005-2006  |p 17A1339540  |r 2026-02-21 21:50:28  |t č. jún-dec./jan. + 1 príl.  |w 2026-02-21  |y PREZ  |z Príl.: v č. aug.-sept./2005 Rukoväť zimných pneumatík 
952 |0 0  |1 0  |4 0  |7 0  |8 0  |a SNK  |b SNK  |d 2018-10-10  |i snk2018/20550  |l 0  |o snkČSB 6822/2005-2006 D1  |p 17A1339541  |r 2026-02-21 21:50:28  |t č. jún-dec./jan.  |w 2026-02-21  |y PREZ 
952 |0 0  |1 0  |4 0  |7 0  |8 0  |a SNK  |b SNK  |d 2018-10-10  |i snk2018/20553  |l 0  |o snkČSB 6822/3/2007  |p 17A1339542  |r 2026-02-21 21:50:28  |t č. jan.-máj, neúplné  |w 2026-02-21  |y PREZ  |z Chýba č. jan. 
952 |0 0  |1 0  |4 0  |7 0  |8 0  |a SNK  |b SNK  |d 2018-10-10  |i snk2018/20555  |l 0  |o snkČSB 6822/3/2007 D1  |p 17A1339543  |r 2026-02-21 21:50:28  |t č. jan.-máj, neúplné  |w 2026-02-21  |y PREZ  |z Chýba č. jan. 
952 |0 0  |1 0  |4 0  |7 0  |8 0  |a SNK  |b SNK  |d 2018-10-10  |i snk2018/20557  |l 0  |o snkČSB 6822/3[4]/2008  |p 17A1339544  |r 2026-02-21 21:50:28  |t č. 25-26  |w 2026-02-21  |y PREZ 
952 |0 0  |1 0  |4 0  |7 0  |8 0  |a SNK  |b SNK  |d 2018-10-10  |i snk2018/20558  |l 0  |o snkČSB 6822/3[4]/2008 D1  |p 17A1339545  |r 2026-02-21 21:50:28  |t č. 25-26  |w 2026-02-21  |y PREZ